| 000 | 00537nam a2200205Ia 4500 | ||
|---|---|---|---|
| 003 | LK-CoDNM | ||
| 005 | 20240920105841.0 | ||
| 008 | 010623t1932 xxu||||| |||| 00| 1 eng d | ||
| 040 |
_aLK-CoDNM _dLK-CoDNM _eLK-CoDNM |
||
| 041 | _aeng | ||
| 080 |
_a14 _bI10.5 |
||
| 100 | _aWoodeson,Austin. | ||
| 245 | _aThe Engineering Association of Ceylon : Transactions for 1906 | ||
| 260 |
_bHony.Secretary _a? _c1906 |
||
| 300 | _bxi, 165p. : ill , maps ; 22 cm | ||
| 650 | _aBridges | ||
| 650 | _aRailway | ||
| 650 | _aWater | ||
| 942 | _cBK | ||
| 999 |
_c96178 _d96178 |
||